00674nam a2200217Ia 4500008004100000050000900041050001500050100002600065245012000091245002600211260003100237260001000268260001000278300001500288300002000303300001100323500005600334650002000390650002700410999001900437150520s9999 xx 000 0 und d aL 11 b.M678 2015 aMisa, Jonas Daniel D. aCoping style and level of adjustment of college transfer students of southville international school and colleges / cJinas Daniel D. Misa. aLas Piñas, Philippines : bSISC, c2015. a68 pages : billustrations ; c28 cm. aIncludes bibliographical references and appendices. aCoping Behavior aIndividual development c284117d284117